| 000 | 00353nam a2200109Ia 4500 | ||
|---|---|---|---|
| 008 | 171204s9999 xx 000 0 und d | ||
| 245 | _aIndigenous People and Mobile Technologies: | ||
| 245 | _cLaurel Evelyn Dyson, Max Hendriks, and Stephen Grant | ||
| 260 | _c2015 | ||
| 650 | _xMobile Technology | ||
| 856 | _uhttp://down.ebook777.com/034/1138793310.pdf | ||
| 999 |
_c347222 _d347222 |
||